Town of us (Version 5.0.3 and oldest) - Statistics

General Stats
  • This quiz has been taken 37 times
  • The average score is 37 of 74
Answer Stats
Podpowiedź Rola % Correct
Neutral Role Jester
93%
Crewmate Role Medic
79%
Crewmate Role Sheriff
79%
Impostor Role Swooper
79%
Neutral Role Arsonist
71%
Neutral Role Executioner
71%
Neutral Role The Glitch
71%
Neutral Role Vampire
71%
Crewmate Role Vigilante
71%
Neutral Role Werewolf
71%
Neutral Role Amnesiac
64%
Crewmate Role Engineer
64%
Neutral Role Guardian Angel
64%
Neutral Role Juggernaut
64%
Neutral Role Plaguebearer
64%
Crewmate Role Seer
64%
Crewmate Role Snitch
64%
Crewmate Role Aurial
57%
Impostor Role Bomber
57%
Modifier Giant
57%
Crewmate Role Investigator
57%
Impostor Role Janitor
57%
Crewmate Role Mayor
57%
Impostor Role Miner
57%
Impostor Role Morphling
57%
Crewmate Role Mystic
57%
Neutral Role Phantom
57%
Crewmate Role Spy
57%
Neutral Role Survivor
57%
Crewmate Role Swapper
57%
Old version (Role) Time lord
57%
Crewmate Role Transporter
57%
Crewmate Role Veteran
57%
Crewmate Role Altruist
50%
Modifier Bait
50%
Neutral Role Doomsayer
50%
Crewmate Role Haunter
50%
Modifier Lovers
50%
Old version (Now modifier) Lovers
50%
Crewmate Role Oracle
50%
Crewmate Role Tracker
50%
Crewmate Role Trapper
50%
Modifier Underdog
50%
Old version (Now modifier) Underdog
50%
Impostor Role Warlock
50%
Old version (Role) Camouflager
43%
Crewmate Role Detective
43%
Modifier Double shot
43%
Modifier Flash
43%
Modifier Sleuth
43%
Modifier Torch
43%
Impostor Role Undertaker
43%
Impostor Role Blackmailer
36%
Modifier Diseased
36%
Impostor Role Escapist
36%
Impostor Role Grenadier
36%
Crewmate Role Medium
36%
Modifier Multitasker
36%
Crewmate Role Prosecutor
36%
Modifier Tiebreaker
36%
Impostor Role Venerer
36%
Modifier Aftermath
29%
Old version (Role) Child
29%
Modifier Disperser
29%
Old version (Modifier) Drunk
29%
Modifier Frosty
29%
Old version (Role) Poisoner
29%
Impostor Role Traitor
29%
Old version (Now Bonus) Asassin
21%
Crewmate Role Imitator
21%
Modifier Radar
21%
Old version (Role) Shifter
21%
Crewmate Role Vampire haunter
14%
Modifier Button barry
7%
No matching quizzes found
Score Distribution
Percent of People with Each Score
Percentile by Number Answered
Your Score History
You have not taken this quiz